Egy kivándorlás közvetitő ügynök letartóztatása
Správa o postupnom zatýkaní týchto agentov, medzi ktorými zatkli v Sátoraljaujhely (HU) 17. októbra 1909 ďaľšieho agenta. mená obyvateľov z Oborína, ktorých agent chcel dopraviť na hranice a proti ktorým bolo započaté trestné pokračovanie.
| Médium: | Článok |
|---|---|
| Jazyk: | Hungarian |
| Témy: | |
| Zdroj: |
1. Napló 1. Roč. 5, č. 241 (22.10.1909) s. 2 a 3 |
| LEADER | 01044nab#a2200301#ar4500 | ||
|---|---|---|---|
| 001 | 000076964 | ||
| 003 | SVKKK | ||
| 005 | 20060717xxxxxxx. | ||
| 008 | 06 c xo huno | ||
| FMT | |||
| 038 | |a SVKKK | ||
| 040 | |a SVKKK |b slo |e AACR2 | ||
| 041 | 0 | |a hun | |
| 044 | |a xo |c SK | ||
| 080 | |a 325 | ||
| 242 | 1 | 0 | |a Zadržanie vysťahovaleckého agenta |
| 245 | 0 | 0 | |a Egy kivándorlás közvetitő ügynök letartóztatása |
| 520 | 2 | |a Správa o postupnom zatýkaní týchto agentov, medzi ktorými zatkli v Sátoraljaujhely (HU) 17. októbra 1909 ďaľšieho agenta. mená obyvateľov z Oborína, ktorých agent chcel dopraviť na hranice a proti ktorým bolo započaté trestné pokračovanie. | |
| 650 | 0 | 4 | |a vysťahovalectvo - agenti ilegálni - Zemplín - Oborín (TV) - Sátoraljaujhely (HU) - správy |
| 773 | 0 | |t Napló |g Roč. 5, č. 241 (22.10.1909) s. 2 a 3 | |
| 957 | |a Oborín | ||
| 957 | |a Sátoraljaujhely (HU) | ||
| 958 | |a DG | ||
| 958 | |a SK | ||
| 974 | |a Ba |d 20060717 | ||
| 992 | |a RBX | ||
| BAS | |||
| 998 | |a RETRO | ||